Sports Quiz

Random Sports or Soccer Quiz

German Professional Soccer Clubs Quiz Stats

 Plays Quiz not verified by Sporcle

Challenge
Share
Tweet
Embed
Score 0/56 Timer 10:00
0 Plays Today
League Club Name % Correct
BundesligaFC Bayern Munich
100%
BundesligaBorussia Dortmund
94.6%
BundesligaBayer 04 Leverkusen
91.9%
BundesligaFC Schalke 04
91.9%
BundesligaHamburger SV
86.5%
BundesligaWerder Bremen
86.5%
BundesligaBorussia Mönchengladbach
83.8%
BundesligaHertha BSC Berlin
81.1%
Bundesliga1. FC Cologne
81.1%
2. BundesligaHannover 96
73%
2. BundesligaVfB Stuttgart
67.6%
2. BundesligaTSV Munich 1860
67.6%
Bundesliga1. FSV Mainz 05
64.9%
BundesligaVfL Wolfsburg
64.9%
BundesligaRB Leipzig
64.9%
BundesligaEintracht Frankfurt
62.2%
2. Bundesliga1. FC Kaiserslautern
62.2%
2. Bundesliga1. FC Nuremberg
59.5%
BundesligaFC Ingolstadt 04
54.1%
BundesligaFC Augsburg
51.4%
BundesligaSV Darmstadt 98
51.4%
2. Bundesliga1. FC Union Berlin
51.4%
2. BundesligaEintracht Braunschweig
51.4%
2. BundesligaDynamo Dresden
51.4%
BundesligaTSG 1899 Hoffenheim
48.6%
2. BundesligaFortuna Düsseldorf
48.6%
3. LigaFC Hansa Rostock
48.6%
2. BundesligaVfL Bochum
45.9%
League Club Name % Correct
2. BundesligaArminia Bielefeld
45.9%
BundesligaSC Freiburg
43.2%
2. BundesligaFC St. Pauli
40.5%
2. BundesligaSpVgg Greuther Fürth
40.5%
3. LigaMSV Duisburg
40.5%
2. BundesligaKarlsruher SC
37.8%
3. LigaHolstein Kiel
37.8%
3. LigaFSV Frankfurt
35.1%
2. BundesligaFC Erzgebirge Aue
32.4%
3. LigaSC Preußen Münster
32.4%
3. LigaSC Fortuna Cologne
32.4%
3. LigaSC Paderborn 07
29.7%
3. Liga1. FC Magdeburg
29.7%
3. LigaSV Wehen Wiesbaden
29.7%
3. LigaChemnitzer FC
27%
3. LigaSSV Jahn Regensburg
27%
2. BundesligaWürzburger Kickers
24.3%
2. Bundesliga1. FC Heidenheim
24.3%
3. LigaVfL Osnabrück
24.3%
3. LigaSportfreunde Lotte
24.3%
2. BundesligaSV Sandhausen
21.6%
3. LigaFC Rot-Weiß Erfurt
21.6%
3. LigaVfR Aalen
21.6%
3. LigaSV Werder Bremen II
21.6%
3. LigaHallescher FC
18.9%
3. LigaFSV Zwickau
18.9%
3. LigaSG Sonnenhof Großaspach
16.2%
3. Liga1. FSV Mainz 05 II
16.2%

You're not logged in!

Compare scores with friends on all Sporcle quizzes.
OR
Log In

You Might Also Like...

Show Comments

Extras

Created Aug 22, 2016ReportNominate
Tags:Soccer Quiz

Top Quizzes Today


Score Distribution

Your Account Isn't Verified!

In order to create a playlist on Sporcle, you need to verify the email address you used during registration. Go to your Sporcle Settings to finish the process.

Report this User

Report this user for behavior that violates our Community Guidelines.

Details: